| 000 | 00933 a2200229 4500 | ||
|---|---|---|---|
| 003 | Nust | ||
| 005 | 20170207154017.0 | ||
| 010 | _a 2003046465 | ||
| 020 | _a0071409270 (alk. paper) | ||
| 040 | _cNust | ||
| 082 | 0 | 0 | _a621.81 |
| 100 | 1 | _aBalch, Mark. | |
| 245 | 1 | 0 |
_aComplete digital design (E-Book) _ba comprehensive guide to digital electronics and computer system architecture / _cMark Balch. |
| 260 |
_aNew York : _bMcGraw-Hill, _cc2003. |
||
| 300 |
_axviii, 460 p. : _bill. ; _c25 cm. |
||
| 505 | _aPart 1 Digital Fundamentals Part 2 Advanced Digital Systems Part 3 Analog Basics For Digital Systems Part 4 Digital System Design In Practice | ||
| 650 | 0 | _aComputer architecture. | |
| 650 | 0 | _aDigital electronics. | |
| 651 | _a(E-Book) | ||
| 856 | 4 | 2 |
_3Contributor biographical information _uhttp://www.loc.gov/catdir/bios/mh041/2003046465.html |
| 856 | 4 | 2 |
_3Table of contents _uhttp://www.loc.gov/catdir/toc/mh031/2003046465.html |
| 942 |
_2ddc _cBK |
||
| 999 |
_c191485 _d191485 |
||